000
00372cam a2200169ua 4500
020
_c
Rs.1.25
041
_a
mal
_h
082
_a
894.8122
_b
PAD/KU
100
_a
Padmanabhannair, K .
245
_a
Kunhalimarekkar
260
_a
Thrissur :
_b
Current Books ,
_c
1776.
300
_a
85 ; .
365
_a
Rs.1.25
504
_a
942
_c
BK
999
_c
373
_d
373